Ryan Carmichael

Florida State A


Categories

Mythology03013084111.6723
Science - Physics010110113113.0001
History - World History010010111111.0001
Science - Chemistry010110141141.0011
Religion0100108080.0001
Science - Biology010010129129.0001
Literature - World Literature010010137137.0001
Social Science0010-50.0000
History - European History0010-50.0000
Fine Arts - Visual Fine Arts0010-50.0000

Buzzes

History - European HistoryOtto-572
ReligionTemptation of Christ1080
Mythologyelves1084
Social Sciencehegemony-591
History - World HistoryPakistan10111
Science - PhysicsWerner Heisenberg10113
Mythology“Bluebeard”10117
Fine Arts - Visual Fine ArtsChuck Close-5122
Science - Biologyblood10129
Mythologyfour10134